Reflexiones críticas a algunos aspectos de la ley 26831 de reforma del mercado de capitales (Registro nro. 20994)

Detalles MARC
000 -LEADER
fixed length control field 00385 a2200109 4500
001 - CONTROL NUMBER
control field ART_41755
005 - DATE AND TIME OF LATEST TRANSACTION
control field 20260410161806.0
008 - FIXED-LENGTH DATA ELEMENTS--GENERAL INFORMATION
fixed length control field 260409a
100 1# - MAIN ENTRY--PERSONAL NAME
Personal name Camerini, Marcelo A.
245 10 - TITLE STATEMENT
Title Reflexiones críticas a algunos aspectos de la ley 26831 de reforma del mercado de capitales
773 0# - HOST ITEM ENTRY
Title Doctrina Societaria y Concursal
Related parts - Nº 304 (mar. 2013)
Record control number REV4298

No hay ítems disponibles.